A grande mentira (Record no. 44711)

MARC details
000 -Etiqueta do registo
Valores 00518cam a22001931 04500
100 ## - Dados gerais de processamento
Dados gerais 19890914d1958 m y0pory5003 ba
101 0# - Língua de publicação
Língua por
102 ## - País de publicação
País PT
200 1# - Titulo e menção de responsabilidade
Título próprio A grande mentira
Informação de outro título adaptação literária de
Primeira menção de responsabilidade Amílcar Celta
Informação de outro título inspirado no filme The Great Lie
Outras menções de responsabilidade Warner Bros
205 ## - Menção da edição
Edição 2.ª ed.
210 #9 - Publicação
Local de publicação Lisboa
Nome do editor Argo,
Data de publicação 1958
215 ## - Descrição física 
Paginação / Volumes 157 p.
225 2# - Colecção 
Título próprio da colecção Écran
Indicação de volume 7
675 ## - CDU
Notação 821.134.3-31"19"
Edição BN
Língua por
700 #1 - Autor principal
Apelido Celta,
Nome Amílcar
801 #0 - Fonte de origem
País PT
Agência BN
Regras de catalogação RPC
990 ## - Elementos KOHA
Tipo de documento Livro
Holdings
Aquisição Empréstimo Código de barras Cota Permissão de empréstimo Tipo de documento
Biblioteca Municipal de Redondo Biblioteca Municipal de Redondo 054598 821.134.3-3 CEL   Livro

Powered by Koha